Strzelcy bramek w 2 kolejce Bundesligi w sezonie 2021/22. - Statystyki

Ogólne statystyki
  • Ten quiz został rozwiązany 12 razy
  • Średni wynik to 4 z 27
Statystyki odpowiedzi
Mecz Piłkarz % Poprawnych
Bayern - Koln 1:0 Lewandowski
92%
RB Lipsk - Stuttgart 4:0 Silva
50%
RB Lipsk - Stuttgart 2:0 Forsberg
42%
Bayern - Koln 2:0 Gnabry
42%
Bayern - Koln 3:2 Gnabry
42%
Leverkusen - Monchengladbach 2:0 Schick
25%
Leverkusen - Monchengladbach 3:0 Diaby
17%
Furth - Bielefeld 0:1 Klos
17%
Bayern - Koln 2:1 Modeste
17%
Leverkusen - Monchengladbach 1:0 (Bramka Samobójcza) Sommer
17%
Leverkusen - Monchengladbach 4:0 Amiri
8%
Freiburg - Dortmund 1:0 Grifo
8%
Freiburg - Dortmund 2:1 (Bramka Samobójcza) Keitel
8%
Hertha - Wolfsburg 1:0 Lukebakio
8%
Freiburg - Dortmund 2:0 Sallai
8%
RB Lipsk - Stuttgart 1:0 Szoboszlai
8%
RB Lipsk - Stuttgart 3:0 Szoboszlai
8%
Hoffenheim - Union Berlin 1:1 Akpoguma
0%
Hoffenheim - Union Berlin 2:2 Awoniyi
0%
Hertha - Wolfsburg 1:1 Baku
0%
Hoffenheim - Union Berlin 2:1 Bruun Larsen
0%
Hoffenheim - Union Berlin 0:1 Giesselmann
0%
Bochum - Mainz 1:0 Holtmann
0%
Furth - Bielefeld 1:1 Hrgota
0%
Hertha - Wolfsburg 1:2 Nmecha
0%
Bochum - Mainz 2:0 Polter
0%
Bayern - Koln 2:2 Uth
0%
Nie znaleziono quizów pasujących do podanych kryteriów
Rozkład punktacji
Procent ludzi z każdym wynikiem
Percentyl według liczby udzielonych odpowiedzi
Twoja historia wyników
Nie rozwiązałeś tego quizu